000 00927nam0a22002411 4500
001 rc\2642121
005 20250530035900.0
035 _a(NLR Aleph) 007201391
090 _a7632872
_c7632872
100 _a20110606d1932 |||y0rusy50 ca
101 0 _arus
102 _aRU
105 _aa z |||||
200 1 _aКонструкция современных самолетов
_eПриложение: Альбом чертежей
_fБ. Горощенко и П. Осокин
_gУчеб.-строевое упр. УВВС РККА)
210 _aМосква
_cГос. воен. изд.
_d1932
_gфабрика книги "Красный пролетарий"
215 _aXII, 64 с.
_cил.
_d23×31 см
700 1 _aГорощенко
_bБ.Т.
_gБорис Тимофеевич
701 1 _aОсокин
_bП.
801 0 _aRU
_bNLR
_gpsbo
801 1 _aRU
_bELAR
_2rusmarc
852 _aNLR
_j32-13/261
942 _cBOOK
980 _aNB